Presidentes del Congreso de los Diputados - Estadísticas

Estadísticas generales
  • Esta prueba ha sido intentada 32 veces
  • La puntuación promedio es 6 de 13
Estadísticas de respuestas
Periodo del mandato Presidente % Correcto
2019-2023 Meritxell Batet
89%
2023-Actualidad Francina Armengol
86%
2016-2016 Patxi López
79%
2016-2019 Ana Pastor
75%
2008-2011 José Bono
64%
2011-2016 Jesús Posada
61%
1996-2000 Federico Trillo
32%
1982-1986 Gregorio Peces-Barba
32%
1979-1982 Landelino Lavilla
32%
2000-2004 Luisa Fernanda
29%
2004-2008 Manuel Marín
29%
1986-1996 Félix Pons
21%
1977-1979 Fernando Álvarez
14%
No se encontraron pruebas coincidentes
Distribución de puntuación
Porcentaje de gente con cada puntuación
Porcentaje por número respondido
Historial de tus puntuaciones
No has intentado esta prueba.